| 000 | 00736nam a2200217 a 4500 | ||
|---|---|---|---|
| 001 | 000034841 | ||
| 005 | 20200930073933.0 | ||
| 008 | 111020s1974 pr 000 p spa d | ||
| 020 | _a8439927959 | ||
| 040 |
_aDO-SdBNP _bspa _cBNPHU |
||
| 082 |
_aPR861.44 _bM433e |
||
| 100 | 1 |
_aMatos Paoli, Francisco _d1915-2000 _99173 |
|
| 245 | 1 | 3 |
_aEl engaño a los ojos / _cFrancisco Matos Paoli. |
| 260 |
_aSan Juan, Puerto Rico : _bEdiciones Juan Ponce de León, _c1974. |
||
| 300 |
_a158 p. ; _c22 cm. |
||
| 590 | _aPerteneció a la biblioteca personal de Juan Isidro Jimenes Grullón | ||
| 650 | 4 |
_aPoesía puertorriqueña _91015 |
|
| 650 | 4 |
_aLiteratura puertorriqueña _9250 |
|
| 910 | _aValidado. Control de calidad MFF | ||
| 049 | _aBNGR | ||
| 999 |
_c34332 _d34332 |
||